Инновационный социально-производственный комплекс на уровне муниципального образования

Detalles Bibliográficos
Autor Principal: Глазырин М. В. Михаил Васильевич
Autor Corporativo: Российская академия наук (РАН) Центральный экономико-математический институт (ЦЭМИ)
Summary:В работе впервые исследуется системообразующее ядро муниципального образования - инновационный социально-производственный комплекс. Это ядро включает механизмы эффективного взаимовлияния социального и экономического развития, обеспечивающие переход на саморазвитие и самоуправление; центральный процесс - воспроизводство человека как товаропроизводителя и творческой личности, хозяина, ориентирующий производство на достижение конечной социальной цели и рост технической вооруженности труда; создание адекватной формы экономической самоорганизации СПК - корпорации, позволяющей осуществить перевод муниципальных образований на хозрасчетные принципы и показатели деятельности, создание инновационных систем. Для специалистов в области экономики, теории и практики управления муниципальными образованиями, преподавателей и студентов.
Idioma:ruso
Publicado: Москва, Наука, 2007
Subjects:
Formato: MixedMaterials Libro
KOHA link:https://koha.lib.tpu.ru/cgi-bin/koha/opac-detail.pl?biblionumber=111755

MARC

LEADER 00000nam0a2200000 4500
001 111755
005 20231031121007.0
010 |a 5020343277 
035 |a (RuTPU)RU\TPU\book\120706 
090 |a 111755 
100 |a 20070320d2007 k y0rusy50 ca 
101 0 |a rus 
102 |a RU 
105 |a a z 001zy 
200 1 |a Инновационный социально-производственный комплекс на уровне муниципального образования  |f М. В. Глазырин  |g Российская академия наук (РАН), Центральный экономико-математический институт (ЦЭМИ) 
210 |a Москва  |c Наука  |d 2007 
215 |a 307 с.  |c ил. 
320 |a Библиогр.: с. 302-305. 
330 |a В работе впервые исследуется системообразующее ядро муниципального образования - инновационный социально-производственный комплекс. Это ядро включает механизмы эффективного взаимовлияния социального и экономического развития, обеспечивающие переход на саморазвитие и самоуправление; центральный процесс - воспроизводство человека как товаропроизводителя и творческой личности, хозяина, ориентирующий производство на достижение конечной социальной цели и рост технической вооруженности труда; создание адекватной формы экономической самоорганизации СПК - корпорации, позволяющей осуществить перевод муниципальных образований на хозрасчетные принципы и показатели деятельности, создание инновационных систем. Для специалистов в области экономики, теории и практики управления муниципальными образованиями, преподавателей и студентов. 
610 1 |a экономика 
610 1 |a производственные комплексы 
610 1 |a инновации 
610 1 |a инновационная деятельность 
610 1 |a инновационная политика 
610 1 |a инновационная экономика 
610 1 |a социально-экономические отношения 
610 1 |a социально-производственные комплексы 
610 1 |a саморазвитие 
610 1 |a муниципальное образование 
610 1 |a управление 
686 |a У9(2)0-551  |v LBC/SL-A  |2 rubbk 
700 1 |a Глазырин  |b М. В.  |g Михаил Васильевич 
712 0 2 |a Российская академия наук (РАН)  |b Центральный экономико-математический институт (ЦЭМИ)  |c (Москва)  |2 stltpush  |3 (RuTPU)RU\TPU\col\419 
801 1 |a RU  |b 63413507  |c 20070320  |g PSBO 
801 2 |a RU  |b 63413507  |c 20160316  |g PSBO 
942 |c BK